| 000 -LEADER |
| fixed length control field |
00452nam a22001817a 4500 |
| 008 - FIXED-LENGTH DATA ELEMENTS--GENERAL INFORMATION |
| fixed length control field |
150706b xxu||||| |||| 00| 0 alb d |
| 020 ## - INTERNATIONAL STANDARD BOOK NUMBER |
| International Standard Book Number |
9789994300822 |
| 041 ## - LANGUAGE CODE |
| Language code of text/sound track or separate title |
alb |
| 080 ## - UNIVERSAL DECIMAL CLASSIFICATION NUMBER |
| Universal Decimal Classification number |
32 |
| 100 ## - Rafti |
| Rafti |
Heywood, Andrew; |
| 245 ## - TITLE STATEMENT |
| Title |
Politika / |
| Statement of responsibility, etc |
Andrew Heywood; |
| 250 ## - |
| -- |
2nd Edition |
| 260 ## - |
| -- |
Tiranë : |
| -- |
Dudaj ; |
| -- |
2008. |
| 300 ## - |
| -- |
464 f.: |
| -- |
me il.; |
| -- |
25 cm. |
| 500 ## - |
| -- |
Parathënie: f. [17-18] |
| 650 #0 - |
| -- |
Politika |
| 942 ## - ADDED ENTRY ELEMENTS (KOHA) |
| Source of classification or shelving scheme |
|
| Item type |
Books |